Interactive 3D Computer Graphics
Salvato in:
| Autore principale: | |
|---|---|
| Natura: | Libro |
| Lingua: | inglese |
| Pubblicazione: |
Chichester
Wiley and Sons
1988
|
| Edizione: | 1. ed. |
| Tags: |
Nessun Tag, puoi essere il primo ad aggiungerne!!
|
MARC
| LEADER | 00000nam a2200000 4500 | ||
|---|---|---|---|
| 001 | c035821 | ||
| 005 | 20221219120021.9 | ||
| 041 | 0 | |a eng | |
| 044 | |a GB | ||
| 245 | 1 | 0 | |a Interactive 3D Computer Graphics |c Leendert Ammeraal |
| 250 | |a 1. ed. | ||
| 264 | 1 | |a Chichester |b Wiley and Sons |c 1988 | |
| 300 | |a 254 s. | ||
| 100 | 1 | |a Ammeraal, Leendert | |